Porovnanie algoritmov pre dekódovanie LDPC kódov

Saved in:
Bibliographic Details
Main Author: Guzmický, Dominik (Author)
Other Authors: Farkaš, Peter (Thesis advisor)
Format: Manuscript Book
Language:Slovak
Published: 2017
Subjects:
Online Access:http://is.stuba.sk/zp/portal_zp.pl?podrobnosti=127473
Tags: Add Tag
No Tags, Be the first to tag this record!

MARC

LEADER 00000ntm a22000003a 4500
001 stuzp60584
003 SK-STU
005 20170703120017.0
007 ta
008 150427s2015----xo-----f-mn---000-0-slo-d
040 |a STU  |b slo 
041 0 |a slo 
044 |a xo 
100 1 |a Guzmický, Dominik  |u 037000  |4 aut  |U FEI Fakulta elektrotechniky a informatiky  |T FEI Ústav multimediálnych informačných a komunikačných technológií  |X 54162  |U E070  |Y 818  |7 54162 
242 0 1 |a Comparison of algorithms used for decoding of LDPC codes  |y eng 
245 1 0 |a Porovnanie algoritmov pre dekódovanie LDPC kódov 
260 |c 2017 
300 |a 56 s. 
650 4 |a iteratívne dekódovanie  |2 slo 
650 4 |a LDPC kódy  |2 slo 
650 4 |a Belief propagation algoritmus  |2 slo 
650 4 |a Bit flipping algoritmus  |2 slo 
650 4 |a prenosový kanál  |2 slo 
650 4 |a Matlab  |2 slo 
650 4 |a LDPC codes  |2 eng 
650 4 |a iterative decoding  |2 eng 
650 4 |a Belief propagation algorithm  |2 eng 
650 4 |a Bit flipping algorithm  |2 eng 
650 4 |a transmission channel  |2 eng 
650 4 |a Matlab  |2 eng 
700 1 |a Farkaš, Peter  |u 037000  |k Z1  |4 ths  |U FEI Fakulta elektrotechniky a informatiky  |T FEI Ústav multimediálnych informačných a komunikačných technológií  |X 1933  |U E070  |Y 818  |7 A000001933 
856 4 |u http://is.stuba.sk/zp/portal_zp.pl?podrobnosti=127473 
996 |b 284EP11729  |c E*DIPL- 11729  |l EE37  |s P  |a 0  |w stuzp60584_0001